000 00334nam a2200145Ia 4500
008 150201s2008 xx 000 0 und d
082 _a616.01
_bG08S
100 _aSTANIER,R.Y.
245 _aGENERAL MICROBIOLOGY
250 _a5TH
260 _bMACMILLAN
_aLONDAN
_c2008
300 _a1-689
650 _aMICROBIOLOGY
942 _2ddc
_cBK
999 _c293
_d293